Music Quiz

Random Music or Bands Quiz

Royal Blood Songs Quiz Stats

Quiz not verified by Sporcle

Challenge
Share
Tweet
Embed
Score 0/20 Timer 04:00
0 Plays Today
% Correct
How Did We Get So Dark?
94.4%
Out of the Black
91.9%
Little Monster
91.4%
Lights Out
91.4%
Figure It Out
86.4%
Come On Over
81.8%
Loose Change
79.8%
Ten Tonne Skeleton
78.8%
Sleep
78.8%
I Only Lie When I Love You
78.3%
% Correct
Hook, Line & Sinker
76.8%
She's Creeping
74.2%
Blood Hands
71.2%
Better Strangers
70.7%
Where are You Now?
67.2%
Careless
64.1%
Hole in Your Heart
64.1%
Look Like You Know
61.6%
Don't Tell
60.6%
You Can Be So Cruel
55.6%

You're not logged in!

Compare scores with friends on all Sporcle quizzes.
Join for Free
OR
Log In

You Might Also Like...

Show Comments

Extras

Top Quizzes Today


Score Distribution

Your Account Isn't Verified!

In order to create a playlist on Sporcle, you need to verify the email address you used during registration. Go to your Sporcle Settings to finish the process.

Report this User

Report this user for behavior that violates our Community Guidelines.

Details: